000
002560000a22000970004500
100
1
_a
Barajas, Giraldo
245
1
0
_a
Ecumenismo en el beneficio de la comunidad
300
_a
Vol. 13, (2003), Páginas 26
773
0
_t
La Voz Luterana de Colombia
942
_c
ANA
999
_c
51814
_d
51814